Prácticas de formación : evaluación y análisis /
Guardado en:
| Autor Principal: | |
|---|---|
| Formato: | Libro |
| Publicado: |
Buenos Aires :
Novedades educativas,
1999
|
| Series: | Formación de formadores. Serie Los documentos; No. 9
|
| Materias: | |
| Etiquetas: |
Agregar Etiqueta
Sin Etiquetas, Sea el primero en etiquetar este registro!
|
| LEADER | 00893nam a22002535a 4500 | ||
|---|---|---|---|
| 001 | CEM.cems012375 | ||
| 005 | 20061227192948.0 | ||
| 008 | 130507s1999##################000#0#####d | ||
| 003 | CEMS | ||
| 020 | |a 9879191463 | ||
| 082 | 0 | 4 | |a 371.26 |
| 100 | 1 | |a Barbier, Jean Marie | |
| 245 | 1 | 0 | |a Prácticas de formación : |b evaluación y análisis / |c Jean Marie Barbier |
| 260 | |a Buenos Aires : |b Novedades educativas, |c 1999 | ||
| 300 | |a 111 p. | ||
| 490 | 0 | |a Formación de formadores. Serie Los documentos; No. 9 | |
| 505 | 0 | |a La evaluación -- El análisis de las prácticas y las herramientas -- La evolución de la formación | |
| 653 | |a Educación | ||
| 653 | |a Formación de docentes | ||
| 653 | |a Métodos de evaluación | ||
| 653 | |a Praxis educativa | ||
| 653 | |a Educación de adultos | ||
| 653 | |a Criterios de evaluación | ||
| 859 | |a CEMS |b BIB. CEMS - 11 de abril |h 371.26 |i B234 |p 23670.06 |t Ej.1 | ||
